Strategic management : an introduction to business and corporate strategy

Bibliographic Details
Main Author: Finlay, Paul N.
Format: Book
Published: Essex : Pearson Education , 2000
Subjects:

MARC

LEADER 00000cam a2200000 7i4500
001 0000008294
005 20031226.0
020 |a 0201398273 
040 |a INS 
090 0 0 |a HD31   |b F5229 1999 
100 1 |a Finlay, Paul N. 
245 1 0 |a Strategic management :   |b an introduction to business and corporate strategy   |c Paul N. Finlay 
260 |a Essex :   |b Pearson Education ,   |c 2000 
300 |a 751p. ;   |c 25 cm. 
650 0 0 |a Industrial management 
650 0 0 |a Industrial management   |x Case studies 
650 0 0 |a Strategic planning 
650 0 0 |a Strategic planning   |x Case studies 
999 |a 0000007902   |b BOOK   |c Open Shelf   |e Default branch